000 00677nam a2200277Ia 4500
005 20260324131923.0
008 008 260324s9999 xx 000 0 eng d
020 _a9780080461168
037 _aEBOOK
040 _aCRL
040 _beng
040 _cCRL
041 _2eng
041 _aeng
084 _qCRL
100 _aJohn Stevens; Vicki Jeynes; Elvis Cotena; Mark Edelson
_91187350
245 0 _aManaging Risk: The HR Contribution
260 _bTaylor and Francis
260 _c2005
365 _a
365 _b230
856 _uhttp://www.taylorfrancis.com/books/9780080461168
942 _cEBOOK
999 _c1784933
_d1784933